Least Populated Mainland Countries Quiz Stats

Quiz Updated Apr 25, 2018

Challenge
Share
Tweet
Embed
Score 0/20 Timer 06:00
2 Plays Today
Rank Country % Correct
1Vatican City
97.4%
2Monaco
86.2%
5Andorra
86.2%
4Liechtenstein
85.5%
3San Marino
85.2%
7Luxembourg
85.1%
20Lesotho
66.9%
18Kosovo
64%
6Belize
62%
11Bhutan
60.8%
Rank Country % Correct
15Swaziland
60.7%
8Suriname
59.8%
12Guyana
59.3%
14Estonia
57.9%
9Montenegro
56.8%
13Djibouti
52.7%
19Gambia
49.4%
10Equatorial Guinea
46.7%
17Guinea-Bissau
42.7%
16Gabon
31.6%

You're not logged in!

Compare scores with friends on all Sporcle quizzes.
Join for Free
OR
Log In

You Might Also Like...

Show Comments

Extras

Top Quizzes Today


Score Distribution

Your Account Isn't Verified!

In order to create a playlist on Sporcle, you need to verify the email address you used during registration. Go to your Sporcle Settings to finish the process.

Report this User

Report this user for behavior that violates our Community Guidelines.

Details: